Программа по изучению цифровой обработки сигналов; Неразрушающий контроль: электронное приборостроение, технологии, безопасность; Т. 1

Dettagli Bibliografici
Parent link:Неразрушающий контроль: электронное приборостроение, технологии, безопасность: сборник трудов V Всероссийской научно-практической конференции студентов, аспирантов и молодых учёных, Томск, 25-29 мая 2015 г./ Национальный исследовательский Томский политехнический университет (ТПУ).— , 2015
Т. 1.— 2015.— [269-272]
Autore principale: Киселева В. А.
Ente Autore: Национальный исследовательский Томский политехнический университет (ТПУ) Институт неразрушающего контроля (ИНК) Кафедра промышленной и медицинской электроники (ПМЭ)
Altri autori: Торгаев С. Н. Станислав Николаевич (научный руководитель)
Riassunto:Заглавие с титульного экрана
Lingua:russo
Pubblicazione: 2015
Serie:Электронно-измерительные устройства контроля и диагностики в технике и медицине
Soggetti:
Accesso online:http://earchive.tpu.ru/handle/11683/23735
http://www.lib.tpu.ru/fulltext/c/2015/C36/V1/072.pdf
Natura: MixedMaterials Elettronico Capitolo di libro
KOHA link:https://koha.lib.tpu.ru/cgi-bin/koha/opac-detail.pl?biblionumber=614257

MARC

LEADER 00000naa2a2200000 4500
001 614257
005 20240119150215.0
035 |a (RuTPU)RU\TPU\conf\12424 
090 |a 614257 
100 |a 20150918d2015 k y0rusy50 ca 
101 0 |a rus 
102 |a RU 
105 |a y z 101zy 
135 |a drcn ---uucaa 
181 0 |a i  
182 0 |a b 
200 1 |a Программа по изучению цифровой обработки сигналов  |f В. А. Киселева, С. Н. Торгаев  |g науч. рук. С. Н. Торгаев 
203 |a Текст  |c электронный 
225 1 |a Электронно-измерительные устройства контроля и диагностики в технике и медицине 
300 |a Заглавие с титульного экрана 
320 |a [Библиогр.: с. 271-272 (3 назв.)] 
337 |a Adobe Reader 
461 1 |0 (RuTPU)RU\TPU\conf\12353  |t Неразрушающий контроль: электронное приборостроение, технологии, безопасность  |o сборник трудов V Всероссийской научно-практической конференции студентов, аспирантов и молодых учёных, Томск, 25-29 мая 2015 г.  |o в 2 т.  |f Национальный исследовательский Томский политехнический университет (ТПУ)  |d 2015 
463 1 |0 (RuTPU)RU\TPU\conf\12354  |t Т. 1  |v [269-272]  |d 2015 
610 1 |a труды учёных ТПУ 
610 1 |a электронный ресурс 
610 1 |a цифровая обработка 
610 1 |a сигналы 
610 1 |a цифровая фильтрация 
610 1 |a звуковые сигналы 
610 1 |a цифровые фильтры 
700 1 |a Киселева  |b В. А. 
701 1 |a Торгаев  |b С. Н.  |c специалист в области электроники  |c доцент Томского политехнического университета, кандидат физико-математических наук  |c младший научный сотрудник Института оптики атмосферы СО РАН  |f 1984-  |g Станислав Николаевич  |3 (RuTPU)RU\TPU\pers\25908  |9 11759 
702 1 |a Торгаев  |b С. Н.  |c специалист в области электроники  |c инженер Томского политехнического университета, ассистент, кандидат физико-математических наук  |c младший научный сотрудник Института оптики атмосферы СО РАН  |f 1984-  |g Станислав Николаевич  |4 727 
712 0 2 |a Национальный исследовательский Томский политехнический университет (ТПУ)  |b Институт неразрушающего контроля (ИНК)  |b Кафедра промышленной и медицинской электроники (ПМЭ)  |3 (RuTPU)RU\TPU\col\18719 
801 2 |a RU  |b 63413507  |c 20210208  |g RCR 
856 4 |u http://earchive.tpu.ru/handle/11683/23735 
856 4 |u http://www.lib.tpu.ru/fulltext/c/2015/C36/V1/072.pdf 
942 |c BK